Science.

Three years ago, Park View School in Birmingham was a failing school on the verge of special measures. Under new leadership, the business and enterprise college has since become one of the most improved schools in the country, more than doubling its pass rate for GCSE science. The range of different...

Full description

Bibliographic Details
Corporate Author: Available Light (Firm) (Producer)
Format: Video
Language:English
Language Notes:This edition in English.
Published: [London] : Teachers TV/UK Dept. of Education, 2007.
Series:Education in video
Improving core GCSE results ; 3
Subjects:
Online Access:Connect to this streaming video (Alexander Street Press)

MARC

Tag First Indicator Second Indicator Subfields
LEADER 00000cgm a2200000Ma 4500
001 in00005548113
006 m o c
007 cr |n|---||a|a
007 vz |zazu|
008 120229s2007 enk016 o vleng d
005 20241201230803.5
035 |a (OCoLC)ocn815777206 
040 |a ALSTP  |b eng  |e pn  |c ALSTP  |d OCLCO  |d OCLCQ  |d OCLCF  |d OCLCQ  |d OCLCO  |d OCLCQ  |d OCLCO  |d OCLCQ  |d EZ9  |d MNI  |d INT  |d OCLCQ  |d WYU  |d OCLCO  |d OCLCL 
035 |a (OCoLC)815777206 
043 |a e-uk--- 
049 |a TXAM 
245 0 0 |a Science. 
260 |a [London] :  |b Teachers TV/UK Dept. of Education,  |c 2007. 
300 |a 1 online resource (16 min.). 
336 |a two-dimensional moving image  |b tdi  |2 rdacontent 
337 |a computer  |b c  |2 rdamedia 
338 |a online resource  |b cr  |2 rdacarrier 
344 |a digital  |2 rda 
347 |a data file  |2 rda 
380 |a Videorecording 
490 0 |a Education in video 
490 0 |a Improving core GCSE results ;  |v 3 
500 |a Title from resource description page (viewed Mar. 5, 2012). 
520 |a Three years ago, Park View School in Birmingham was a failing school on the verge of special measures. Under new leadership, the business and enterprise college has since become one of the most improved schools in the country, more than doubling its pass rate for GCSE science. The range of different science GCSE courses on offer caters for all students across a range of abilities. At all levels, lessons are fast-paced and active, to keep pupils focused and involved. The school closely monitors pupils attitudes, academic progress and attendance. Individualised targets are reinforced by a pastoral team that has developed strong relationships with parents. Parental support has been central to improving pupils attainment. To reward achievement in science, the school recently ran a competition, asking pupils to design a system to support life on Mars. The winners travelled to NASA in the USA; we see how they got on there. 
546 |a This edition in English. 
650 0 |a Science  |x Ability testing. 
650 0 |a Educational tests and measurements  |z Great Britain. 
650 0 |a General Certificate of Secondary Education. 
650 0 |a Academic achievement  |z Great Britain. 
650 6 |a Sciences  |x Tests d'aptitude. 
650 6 |a Tests et mesures en éducation  |z Grande-Bretagne. 
650 6 |a General Certificate of Secondary Education (Grande-Bretagne) 
650 7 |a Academic achievement.  |2 fast  |0 (OCoLC)fst00794949 
650 7 |a Educational tests and measurements.  |2 fast  |0 (OCoLC)fst00903660 
650 7 |a General Certificate of Secondary Education.  |2 fast  |0 (OCoLC)fst00939697 
650 7 |a Science  |x Ability testing.  |2 fast  |0 (OCoLC)fst01108178 
651 7 |a Great Britain.  |2 fast  |0 (OCoLC)fst01204623  |1 https://id.oclc.org/worldcat/entity/E39PBJdmp7p3cx8hpmJ8HvmTpP 
655 4 |a Alexander Street Video. 
655 7 |a Documentary television programs.  |2 fast  |0 (OCoLC)fst01710387 
655 7 |a Documentary television programs.  |2 lcgft 
655 7 |a Documentaires télévisés.  |2 rvmgf 
710 2 |a Available Light (Firm)  |4 pro 
776 0 8 |i Print version:  |t Science.  |d [London] : Teachers TV/UK Dept. of Education, 2007 publisher catalog number  |o C/2519/003 
856 4 0 |u http://proxy.library.tamu.edu/login?url=https://www.aspresolver.com/aspresolver.asp?AVN2;1781580  |z Connect to this streaming video (Alexander Street Press)  |t 0 
955 |a Alexander Street Press subscription streaming video 
994 |a 92  |b TXA 
999 f f |s f28598ba-c53e-4eac-ac2f-35e05aa568c6  |i c71b9a8c-c65a-40a2-b103-6a92dea7de62  |t 0 
952 f f |a Texas A&M University  |b College Station  |c Electronic Resources  |d Available Online  |t 0  |h Library of Congress classification 
998 f f |t 0  |l Available Online